000 02037nam0a2200409 4500
001 RU\NLR\bibl\1804044
005 20250616151136.0
010 _a978-5-7501-1229-6
_9200
021 _aRU
_b2011-56426
_94005
035 _a(nilc)RSL-KNO-004978309
035 _a(NLR Aleph) 001794697
090 _a1776608
_c1776608
100 _a20110725d2010 |||y0rusy50 ca
101 0 _arus
102 _aRU
105 _ay |||||||||
200 1 _aОрхидеи Башкирского заповедника и сопредельных территорий
_fМ. М. Ишмуратова, М.И. Набиуллин, И.В. Суюндуков, А.Р. Ишбирдин
_gАкад. наук Республики Башкортостан, ФГУ "Башкирский гос. природный заповедник", ГОУ ВПО "Башкирский гос. ун-т", ГОУ ВПО "Сибайский ин-т Башкирского гос. ун-та"
210 _aУфа
_cГилем
_d2010
215 _a175 с.
_cил., табл.
_d20
320 _aБиблиогр.: с. 158-173
601 0 2 _aБашкирский государственный природный заповедник
_xБотанические исследования
_92093835
_3RU\NLR\auth\661570601
606 1 _aОрхидные
_yБашкортостан, Республика
_92093831
_3RU\NLR\auth\661570599
686 _aЕ592.71Or-85,0
_2rubbk
686 _aЕ585.9(2Р36-6Б),0
_2rubbk
686 _aЕ592.71Or(2Р36-6Б)
686 _aЕ585.9(2Р36-6Б)
701 1 _aИшмуратова
_bМ. М.
_gМайя Мунировна
_4070
701 1 _aСуюндуков
_bИ. В.
_gИльгиз Варисович
_4070
701 1 _aНабиуллин
_bМ. И.
_gМарс Ишдавлетович
_4070
701 1 _aИшбирдин
_bА. Р.
_gАйрат Римович
_4070
801 0 _aRU
_bRuMoRKP
_c20110725
_grcr
801 1 _aRU
_bРГБ
_c20110725
801 2 _aRU
_bNLR
_c20110831
_grcr
942 _cBOOK
980 _aNB
980 _aNBR